000 00275nam a2200121Ia 4500
008 260210s9999 xx 000 0 und d
020 _a9780486253329
100 _aLE CORBUSIER
245 4 _aTHE CITY OF TOMORROW
260 _bDOVER PUB 1987
260 _c1987
942 _cPG
999 _c13996
_d13996